|
|
|
|
| LEADER |
00000ny a22000003n 4500 |
| 005 |
20110516105438.0 |
| 008 |
071017c19uu9999sp mr pss 0 a0spa d |
| 022 |
|
|
|a 1578-8393
|
| 022 |
|
|
|a 4891-2482
|
| 035 |
|
|
|a 5161
|
| 040 |
|
|
|a BUS
|d vLex
|
| 090 |
|
|
|c 1931
|d 1931
|
| 245 |
3 |
0 |
|a ℓrea abierta
|h [Recurso electrn̤ico]
|
| 256 |
|
|
|a Servicio en ln̕ea
|
| 260 |
|
|
|a Madrid:
|b Universidad Complutense de Madrid, Servicio de Publicaciones
|
| 310 |
|
|
|a Cuatrimestral
|
| 506 |
1 |
|
|a Contenido solo disponible en los productos indicados
|d vLex Global
|d vLex Global (Academic Edition, excluding Law Schools)
|d vLex Global (U.S. Academic Edition, excluding Law Schools)
|
| 650 |
0 |
4 |
|2 Tesauro vLex
|a Motion pictures
|
| 650 |
0 |
4 |
|2 Tesauro vLex
|a Studies
|
| 650 |
0 |
4 |
|2 Tesauro vLex
|a Reality programming
|
| 650 |
0 |
4 |
|2 Tesauro vLex
|a Social life & customs
|
| 740 |
|
|
|a vLex Revista (Servicios en ln̕ea)
|
| 843 |
|
|
|a Electrn̤ica. Abierta
|
| 853 |
|
|
|8 1
|i (year)
|j (month)
|k (day)
|
| 856 |
4 |
0 |
|z Acceso restringido
|u http://vlex.com/account/login_ip?fuente_id=5161
|
| 942 |
|
|
|c REV
|